Music Quiz

Random Music or Song Quiz

Three Hits in One Year III Quiz Stats

 Plays Quiz Updated Apr 22, 2018

Score 0/30 Timer 06:00
1 Play Today
% Correct
The Beatles
94.4%
Michael Jackson
93.3%
Aretha Franklin
90.3%
Adele
88.9%
Stevie Wonder
87.3%
Katy Perry
85.5%
Jennifer Lopez
85.2%
Meghan Trainor
84.9%
Rihanna
84.9%
The Black Eyed Peas
84.3%
Taylor Swift
84.2%
Kelly Clarkson
82.8%
Eminem
82.1%
Earth, Wind & Fire
80.2%
Men at Work
78.5%
% Correct
Paul McCartney & Wings
78.1%
The Supremes
77.8%
Bruno Mars
75.8%
Huey Lewis & the News
74.1%
Hall & Oates
73.7%
Duran Duran
72.9%
Chic
70%
Madonna
67.5%
Sam Smith
66.4%
Olivia Newton-John
65.8%
Selena Gomez
58.9%
Lil Wayne
58.6%
Whitney Houston
56.6%
Fetty Wap
53.5%
Usher
53.2%

You're not logged in!

Compare scores with friends on all Sporcle quizzes.
OR
Log In

Sporcle TV

Today on Sporcle TV


Watch our educational content, quiz creation guides, and fun videos on Sporcle TV.

Show Comments

Extras

Top Quizzes Today


Score Distribution

Your Account Isn't Verified!

In order to create a playlist on Sporcle, you need to verify the email address you used during registration. Go to your Sporcle Settings to finish the process.

Report this User

Report this user for behavior that violates our Community Guidelines.

Details: